[Event "60. Bulgaria ch femenino"]
[Site "Bankya BUL"]
[Date "2011.04.20"]
[Round "10.6"]
[White "Videnova, Iva"]
[Black "Zlatanova, Emilia"]
[Result "1/2-1/2"]
[WhiteElo "2304"]
[BlackElo "2024"]
[PlyCount "254"]
[EventDate "2011.04.12"]
[EventType "tourn"]
[EventRounds "11"]
[EventCountry "BUL"]
[Source "lmi"]
[SourceDate "2011.04.12"]

1. e4 e5 2. Nf3 Nc6 3. Bb5 a6 4. Ba4 Nf6 5. O-O b5 6. Bb3 Be7 7. Re1 d6 8. c3
O-O 9. h3 Na5 10. Bc2 c5 11. d4 Nd7 12. Nbd2 cxd4 13. cxd4 Nc6 14. Nb3 Bb7 15.
d5 Na5 16. Nxa5 Qxa5 17. Bd2 Qd8 18. a4 bxa4 19. Rxa4 Nc5 20. Ra5 Bc8 21. b4
Nb7 22. Ra3 Bd7 23. Bd3 Bb5 24. Qe2 f5 25. exf5 Rxf5 26. Rea1 Bxd3 27. Qxd3 Rf8
28. Rxa6 Rb8 29. Ra7 Qe8 30. R1a6 Bd8 31. Qe2 Qg6 32. Kh2 Bf6 33. Be3 Nd8 34.
Qd2 Nf7 35. Ne1 e4 36. Nc2 Ne5 37. Nd4 Nc4 38. Qe1 Be5+ 39. g3 Nxe3 40. Qxe3
Rxb4 41. Ne2 Rb2 42. Ra8 Rbb8 43. Rxb8 Rxb8 44. Ra4 Qf7 45. Rxe4 Qxd5 46. Nf4
Qb3 47. Nd3 Rf8 48. Kg2 Bf6 49. h4 g6 50. h5 d5 51. Re8 d4 52. Rxf8+ Kxf8 53.
Qf3 Kg7 54. hxg6 hxg6 55. Qe4 Qb1 56. Nc5 Qxe4+ 57. Nxe4 d3 58. Kf1 Bd4 59. f3
Kf7 60. Nf2 Be5 61. g4 d2 62. Ke2 Bc3 63. Ne4 Ba5 64. Nxd2 Bc3 65. Kd3 Ba5 66.
Nc4 Be1 67. Ke4 Ke6 68. f4 Bc3 69. Ne5 Kf6 70. Nf3 Bb2 71. Nd4 Bc3 72. Kd5 Bd2
73. g5+ Kf7 74. Ke5 Bc3 75. Ke4 Bd2 76. Nf3 Bc1 77. Ne5+ Kg7 78. Nd3 Bd2 79.
Kd5 Be3 80. Ke6 Bd2 81. Ke7 Be3 82. Ke8 Kg8 83. Kd7 Kg7 84. Kd6 Bd4 85. Ke7 Be3
86. Kd7 Bd4 87. Nb4 Be3 88. Nd5 Bc1 89. Ke7 Ba3+ 90. Ke8 Kg8 91. Nc7 Bc1 92.
Ne6 Ba3 93. Kd7 Kf7 94. Nd8+ Kg8 95. Ke6 Bc1 96. Ke5 Bb2+ 97. Ke4 Kg7 98. Ne6+
Kf7 99. Nc5 Bc3 100. Nd3 Bd2 101. Kf3 Bc3 102. Ke3 Ba5 103. Ne5+ Kg7 104. Nd7
Kf7 105. Ke4 Bd2 106. Nc5 Bb4 107. Nb3 Bc3 108. f5 gxf5+ 109. Kxf5 Bb4 110. Nd4
Bc3 111. Ne6 Bb2 112. g6+ Kg8 113. Nf4 Kg7 114. Nh5+ Kh6 115. Nf4 Kg7 116. Nd3
Bc3 117. Nc5 Bb2 118. Nd3 Kg8 119. Kg5 Bc1+ 120. Kf6 Bb2+ 121. Ke7 Ba3+ 122.
Ke8 Bb2 123. Ke7 Ba3+ 124. Kf6 Bb2+ 125. Kf5 Bc3 126. Nf4 Bb2 127. Nh5 Bc3
1/2-1/2

[Event "60. Bulgaria ch femenino"]
[Site "Bankya BUL"]
[Date "2011.04.21"]
[Round "11.2"]
[White "Sirkova, Darena"]
[Black "Videnova, Iva"]
[Result "0-1"]
[WhiteElo "2101"]
[BlackElo "2304"]
[PlyCount "62"]
[EventDate "2011.04.12"]
[EventType "tourn"]
[EventRounds "11"]
[EventCountry "BUL"]
[Source "lmi"]
[SourceDate "2011.04.12"]

1. e4 c5 2. Nf3 d6 3. d4 cxd4 4. Nxd4 Nf6 5. Nc3 a6 6. Bc4 g6 7. f3 h5 8. Be3
Nbd7 9. Qe2 Bg7 10. Bxf7+ Kxf7 11. Ne6 Qa5 12. Qc4 Ne5 13. Ng5+ Ke8 14. Qb3 b5
15. O-O Bh6 16. Nd5 Nxd5 17. Qxd5 Bxg5 18. f4 Rb8 19. Bd4 Qc7 20. fxe5 Qc4 21.
exd6 Qxd5 22. exd5 Rf8 23. Rfe1 Kd7 24. Re6 Bf6 25. Bc5 Rf7 26. Rae1 Ke8 27.
R6e2 Bb7 28. dxe7 Bxd5 29. Rd2 Bb7 30. Re6 Rc8 31. Bd6 Rxc2 0-1

[Event "60. Bulgaria ch femenino"]
[Site "Bankya BUL"]
[Date "2011.04.21"]
[Round "11.3"]
[White "Nikolova, Adriana"]
[Black "Raeva, Elitsa"]
[Result "1/2-1/2"]
[WhiteElo "2311"]
[BlackElo "2308"]
[PlyCount "81"]
[EventDate "2011.04.12"]
[EventType "tourn"]
[EventRounds "11"]
[EventCountry "BUL"]
[Source "lmi"]
[SourceDate "2011.04.12"]

1. e4 e5 2. Nf3 Nc6 3. Bb5 a6 4. Ba4 Nf6 5. O-O Be7 6. Re1 b5 7. Bb3 O-O 8. h3
Bb7 9. d3 d6 10. a4 Na5 11. Ba2 c5 12. Nc3 b4 13. Ne2 Bc8 14. Ng3 b3 15. Bxb3
Nxb3 16. cxb3 g6 17. Bh6 Re8 18. b4 cxb4 19. Qb3 Be6 20. Qxb4 Rb8 21. Qd2 Qb6
22. Re2 Qb4 23. Qe3 Qb6 24. d4 Bc4 25. Rc2 exd4 26. Nxd4 d5 27. a5 Qa7 28. Nc6
Qxe3 29. Bxe3 Bd3 30. Rc3 dxe4 31. Nxb8 Rxb8 32. Bf4 Rd8 33. Bg5 h6 34. Bxh6
Nd5 35. Rc6 Rb8 36. Re1 Kh7 37. Bc1 Bb5 38. Rc2 Bd3 39. Rc6 Bb5 40. Rc2 Bd3 41.
Rc6 1/2-1/2

[Event "60. Bulgaria ch femenino"]
[Site "Bankya BUL"]
[Date "2011.04.21"]
[Round "11.4"]
[White "Krumova, Ani"]
[Black "Chilingirova, Pavlina"]
[Result "0-1"]
[WhiteElo "1913"]
[BlackElo "2141"]
[PlyCount "54"]
[EventDate "2011.04.12"]
[EventType "tourn"]
[EventRounds "11"]
[EventCountry "BUL"]
[Source "lmi"]
[SourceDate "2011.04.12"]

1. Nf3 c5 2. g3 Nc6 3. Bg2 e5 4. d3 d5 5. O-O Nf6 6. e4 dxe4 7. dxe4 Qxd1 8.
Rxd1 Bg4 9. Re1 Nd4 10. Nxd4 cxd4 11. Bd2 Nd7 12. h3 Be6 13. Bf1 Bc5 14. c3 O-O
15. cxd4 exd4 16. Bf4 f6 17. g4 g5 18. Bd2 Ne5 19. Kg2 Rac8 20. b4 Bd6 21. Na3
Ng6 22. f3 a6 23. Rac1 b5 24. Nc2 Bf4 25. Nxd4 Bxd2 26. Rxc8 Nf4+ 27. Kg1 Rxc8
0-1

[Event "60. Bulgaria ch femenino"]
[Site "Bankya BUL"]
[Date "2011.04.21"]
[Round "11.6"]
[White "Voiska, Margarita"]
[Black "Todorova, Kalina"]
[Result "1-0"]
[WhiteElo "2313"]
[BlackElo "1830"]
[PlyCount "91"]
[EventDate "2011.04.12"]
[EventType "tourn"]
[EventRounds "11"]
[EventCountry "BUL"]
[Source "lmi"]
[SourceDate "2011.04.12"]

1. c4 e5 2. g3 d6 3. Bg2 Nc6 4. Nc3 Be6 5. d3 Qd7 6. Nd5 g6 7. Nf3 h6 8. Rb1
Bg7 9. b4 Nd8 10. e4 c6 11. Ne3 Ne7 12. Bb2 O-O 13. d4 exd4 14. Bxd4 f5 15.
Bxg7 Kxg7 16. exf5 Nxf5 17. O-O Nf7 18. Nxf5+ Bxf5 19. Qd4+ Kh7 20. Rbd1 Bh3
21. Rfe1 Bxg2 22. Kxg2 Rae8 23. Qxa7 Ra8 24. Qd4 Rfe8 25. Qf6 Rxe1 26. Rxe1 Re8
27. Rxe8 Qxe8 28. h4 Ne5 29. Qxd6 Nxf3 30. Kxf3 Qf7+ 31. Kg2 Qxc4 32. Qc7+ Kg8
33. Qxb7 Qe4+ 34. Kh2 Qf3 35. Qb8+ Kh7 36. Qc7+ Kg8 37. Qf4 Qe2 38. a4 Kh7 39.
a5 g5 40. Qe3 Qb5 41. Qa7+ Kg8 42. Qb6 Qf5 43. hxg5 hxg5 44. Qd4 g4 45. a6 Qh5+
46. Kg2 1-0